000 00617nam a2200217Ia 4500
003 OSt
005 20230628163424.0
008 210423s9999 xx 000 0 und d
040 _cAL
041 _aeng
082 _a340 CALL
_223
100 _aCALL
_9118153
245 _aLaw of marriage and divorce amongst muslims christians and parsis
260 _bCommercial Law Publication
_aNew Delhi
_c2003
300 _a1,16
_bPB
365 _b1
_cINR
650 _aLaw
_9118154
650 _aSocial Sciences
_9118155
906 _aamongst ; christians ; divorce ; Law ; marriage ; muslims ; parsis
942 _2ddc
_cBK
999 _c173741
_d173741